书目信息 |
| 题名: |
钢铁是怎样炼成的
|
|
| 作者: | 奥斯特洛夫斯基 著 ;曹缦西 , 王志棣, 译 | |
| 分册: | ||
| 出版信息: | 南京 译林出版社 2018.10 |
|
| 页数: | 410页 | |
| 开本: | 22cm | |
| 丛书名: | 经典译林 | |
| 单 册: | ||
| 中图分类: | I511.345 | |
| 科图分类: | ||
| 主题词: | 长篇小说--chang pian xiao shuo--乌克兰--现代 | |
| 电子资源: | ||
| ISBN: | 978-7-5447-7463-5 | |
| 000 | 01309nam 2200301 450 | |
| 001 | CAL 010022273 | |
| 005 | 20190505104404.4 | |
| 010 | @a978-7-5447-7463-5@b精装@dCNY39.00 | |
| 100 | @a20190308d2018 em y0chiy50 ea | |
| 101 | 1 | @achi@crus |
| 102 | @aCN@b320000 | |
| 105 | @ay z 000ay | |
| 106 | @ar | |
| 200 | 1 | @a钢铁是怎样炼成的@Agang tie shi zen yang lian cheng de@f(苏联) 尼·奥斯特洛夫斯基著@F( su lian ) ni· ao si te luo fu si ji zhu@d= Как закалялась сталь@fН.Островский@g曹缦西, 王志棣译@zrus |
| 210 | @a南京@c译林出版社@d2018.10 | |
| 215 | @a410页@d22cm | |
| 225 | 2 | @a经典译林@Ajing dian yi lin |
| 330 | @a本书以保尔·柯察金从一个普通工人子弟成长为无产阶级革命英雄的主要情节线索, 描绘了俄国从第一次世界大战起, 经过十月革命、国内战争到经济恢复时期的广阔历史画卷…… | |
| 410 | 0 | @12001 @a经典译林 |
| 500 | 10 | @aКак закалялась сталь@mChinese |
| 586 | @a | |
| 606 | 0 | @a长篇小说@Achang pian xiao shuo@y乌克兰@z现代 |
| 690 | @aI511.345@v5 | |
| 701 | 1 | @a奥斯特洛夫斯基@Aao si te luo fu si ji@g(Островский, Николай Алексеевич),@f1904-1936@4著 |
| 702 | 0 | @a曹缦西@Acao man xi@4译 |
| 702 | 0 | @a王志棣,@Awang zhi di@f1932-@4译 |
| 801 | 0 | @aCN@c20190308 |
| 905 | @a河南城建学院图书馆@dI511.345@eA762@f2 | |
| 钢铁是怎样炼成的/(苏联) 尼·奥斯特洛夫斯基著= Как закалялась сталь/Н.Островский/曹缦西, 王志棣译.-南京:译林出版社,2018.10 |
| 410页;22cm.-(经典译林) |
| ISBN 978-7-5447-7463-5(精装):CNY39.00 |
| 本书以保尔·柯察金从一个普通工人子弟成长为无产阶级革命英雄的主要情节线索, 描绘了俄国从第一次世界大战起, 经过十月革命、国内战争到经济恢复时期的广阔历史画卷…… |
| ● |
| 相关链接 |
|
|
|
正题名:钢铁是怎样炼成的
索取号:I511.345/A762
 
预约/预借
| 序号 | 登录号 | 条形码 | 馆藏地/架位号 | 状态 | 备注 |
| 1 | 1412504 | 214125043 | 文学库116/116文学库 16排1列3层/ [索取号:I511.345/A762] | 在馆 | |
| 2 | 1412505 | 214125052 | 文学库116/116文学库 16排1列3层/ [索取号:I511.345/A762] | 在馆 |